[Event "Wuerttemberg-ch U14"]
[Site "Wuerttemberg"]
[Date "2001.02.25"]
[Round "3.3"]
[White "Schock, Kai"]
[Black "Wagner, Steffen"]
[Result "1-0"]
[WhiteElo "987"]
[BlackElo "1052"]
[PlyCount "69"]
[EventDate "2001.??.??"]
[EventType "swiss"]
[EventRounds "5"]
[EventCountry "GER"]
[SourceTitle "EXT 2003"]
[Source "ChessBase"]
[SourceDate "2002.11.25"]
[SourceVersion "1"]
[SourceVersionDate "2002.11.25"]
[SourceQuality "1"]

1. e4 e5 2. Nf3 Nc6 3. Bb5 Nge7 4. 0-0 d6 5. c3 a6 6. Ba4 b5 7. Bb3 Na5 8. Bc2 d5 9. Nxe5 f6 10. Nf3 Bb7 11. Re1 dxe4 12. Bxe4 Bxe4 13. Rxe4 Qd5 14. Qe1 Qd8 15. d4 c6 16. Bf4 Nb7 17. Nbd2 Nd6 18. Bxd6 Qxd6 19. Nb3 g6 20. Re6 Qd8 21. Rxf6 Rc8 22. Nc5 Qb6 23. b4 Bg7 24. Re6 Bf8 25. a4 a5 26. axb5 axb4 27. cxb4 Qxb5 28. Ra6 Kf7 29. Ng5+ Kg8 30. Rxe7 Bxe7 31. Qxe7 Qc4 32. g3 Qc1+ 33. Kg2 Qc4 34. Nce6 Qd5+ 35. Nf3 1-0